The problems of evolution

Saved in:
Bibliographic Details
Main Author: Ridley, Mark
Format: Book
Language:Undetermined
Published: Oxford Oxford University Press 1985
Subjects:
Tags: Add Tag
No Tags, Be the first to tag this record!
Institutions: Trung tâm Học liệu Trường Đại học Cần Thơ
LEADER 00436nam a2200169Ia 4500
001 CTU_78555
008 210402s9999 xx 000 0 und d
082 |a 576.8 
082 |b R545 
100 |a Ridley, Mark 
245 4 |a The problems of evolution 
245 0 |c Mark Ridley 
260 |a Oxford 
260 |b Oxford University Press 
260 |c 1985 
650 |a Evolution 
980 |a Trung tâm Học liệu Trường Đại học Cần Thơ